[Event "ZSG/Computerij op-B"]
[Site "Netherlands"]
[Date "1998.03.14"]
[Round "4"]
[White "Koster, Ramon H"]
[Black "Wehkamp, Francois"]
[Result "1-0"]
[WhiteElo "1787"]
[BlackElo "1749"]
[PlyCount "97"]
[EventDate "1998.??.??"]
[EventType "swiss"]
[EventRounds "6"]
[EventCountry "NED"]
[SourceTitle "EXT 2004"]
[Source "ChessBase"]
[SourceDate "2003.11.25"]
[SourceVersion "1"]
[SourceVersionDate "2003.11.25"]
[SourceQuality "1"]

1. c4 Nf6 2. g3 c5 3. Nc3 d5 4. cxd5 Nxd5 5. Bg2 Nc7 6. Nf3 Nc6 7. 0-0 e5 8. d3 Be7 9. a3 0-0 10. Be3 Rb8 11. Rc1 Ne6 12. Ne4 Qa5 13. Nfd2 Ncd4 14. Nc4 Qc7 15. Nc3 f6 16. Nd5 Qd8 17. b4 b5 18. Na5 Bd6 19. Bxd4 Nxd4 20. e3 cxb4 21. exd4 Qxa5 22. axb4 Qd8 23. dxe5 Bxe5 24. d4 Bd6 25. Ra1 a6 26. Qd2 Kh8 27. Rfd1 Bb7 28. Nf4 Bxf4 29. Qxf4 Bxg2 30. Kxg2 Rb6 31. Rac1 h6 32. Rd2 Qd6 33. d5 Rd8 34. Qxd6 Rbxd6 35. Rc5 Kg8 36. Kf3 R8d7 37. Ke4 Kf7 38. Kd4 Ke7 39. Re2+ Kf7 40. Re4 Kf8 41. f4 f5 42. Re5 g6 43. Rc8+ Kf7 44. Kc5 Rf6 45. Rc6 Ra7 46. d6 Kg7 47. Rc7+ Rf7 48. Rxa7 Rxa7 49. Kc6 1-0